Historia de la filosofía
Spremljeno u:
| Glavni autor: | |
|---|---|
| Daljnji autori: | |
| Format: | Knjiga |
| Jezik: | španjolski |
| Izdano: |
Barcelona
Herder
1977
|
| Izdanje: | 9a. ed |
| Serija: | Biblioteca Herder: sección de teología y filosofía, 13
|
| Teme: | |
| Oznake: |
Dodaj oznaku
Bez oznaka, Budi prvi tko označuje ovaj zapis!
|
MARC
| LEADER | 00000nam a2200000 a 4500 | ||
|---|---|---|---|
| 001 | UCZ1960 | ||
| 003 | CL-VaPUC | ||
| 005 | 20241127085252.0 | ||
| 008 | 950915e19770000SP |||||||||||||||||spa|d | ||
| 999 | |c 238628 |d 238626 | ||
| 040 | |c Pontificia Universidad Católica de Valparaíso | ||
| 082 | 0 | 4 | |a 109 |b HIR |2 21 |
| 100 | |a Hirschberger, Johannes |e author |9 492494 | ||
| 245 | 1 | 0 | |a Historia de la filosofía |
| 250 | |a 9a. ed | ||
| 260 | |a Barcelona |b Herder |c 1977 | ||
| 300 | |a v | ||
| 490 | 0 | |a Biblioteca Herder: sección de teología y filosofía, 13 | |
| 505 | |a v.1: Antiguedad, Edad media, Renacimiento. | ||
| 583 | |a last modification |c 19950915 00:00:00 |k Rodrigo Vera | ||
| 600 | 0 | |a Tomás de Aquino |d 1220-1274 |c Santo |9 255832 | |
| 600 | 0 | |a Sócrates |9 266368 | |
| 600 | 0 | 7 | |a PLATON |2 CL-VaPUC |9 222 |
| 600 | 0 | |a Aristóteles, |d 384 a.C.- 322 a.C. |9 194 | |
| 600 | 0 | |a San Agustín de Hipona |x Teólogo y filósofo cristiano |9 311590 | |
| 600 | 0 | 7 | |a SAN ANSELMO |2 CL-VaPUC |9 345661 |
| 600 | 0 | 7 | |a SAN ALBERTO MAGNO |2 CL-VaPUC |9 335726 |
| 600 | 0 | |a Abelardo, Pedro |9 345662 | |
| 600 | 0 | |a Descartes, René |e autor |9 265906 | |
| 650 | 0 | |a Filosofía |9 223554 | |
| 650 | 0 | |a Historia |9 255047 | |
| 650 | 0 | |a Metafísica |9 265649 | |
| 650 | 7 | |a EDAD ANTIGUA |2 CL-VaPUC |9 338313 | |
| 650 | 0 | |a Renacimiento |9 255107 | |
| 650 | 0 | |a Edad media |9 258041 | |
| 650 | 0 | |a Mitología |9 255719 | |
| 650 | 0 | |a Escuelas filosóficas |9 266232 | |
| 651 | 0 | |a Europa |9 255156 | |
| 700 | 1 | |a Martínez Gómez, Luis |e traductor |e (v.1) |9 864922 | |
| 942 | |c BK |2 ddc | ||
| 945 | |d 19950915 00:00:00 |a cmena | ||
| 952 | |0 0 |1 0 |4 0 |6 109_000000000000000_HIR_1977 |7 0 |8 A |9 248954 |a BIBEDU |b BIBEDU |d 2019-11-18 |h v.1 |i 1562339 |l 1 |o 109 HIR 1977 |p 1562339 |r 2024-08-22 |s 2024-08-20 |w 2019-11-18 |y BK |k FIL | ||